000 01233cam a2200133 4500500
005 20251214001917.0
041 _afre
042 _adc
100 1 0 _aBoniface, Pascal
_eauthor
245 0 0 _aL'Année stratégique 2023 : Analyse des enjeux internationaux
260 _bArmand Colin,
_c2022.
520 _aL’année 2022 restera celle de la sortie de la pandémie qui a exacerbé un certain nombre de questions stratégiques majeures. De la rivalité sino-états-unienne à la lutte contre le changement climatique, des divisions européennes aux fragilités latinoaméricaines, des défis auxquels l’Afrique est confrontée aux crises qui traversent le Moyen-Orient, de la panne du multilatéralisme à l'envolée des prix du pétrole, tous ces sujets constituaient déjà de sérieux symptômes du « monde d’avant ». D’autres signes, comme la réponse de l’Union européenne à la crise économique, les initiatives en vue d’une endogénéisation des questions africaines ou encore la transition institutionnelle en Russie, pourraient toutefois trouver à façonner le « monde d’après ».
856 4 1 _uhttps://shs.cairn.info/annee-strategique-2023--9782200632816?lang=fr&redirect-ssocas=7080
999 _c1566567
_d1566567